000 00511nam a2200181Ia 4500
005 20250326125643.0
008 250326s9999 xx 000 0 und d
037 _aTextbook
040 _aFMSL
_beng
_cFMSL
041 _aeng
_2eng
084 _aX:8(T:3) L0
_qFMSL
100 _aSmith P B
_9703079
245 0 _aImproving skills in working with people: the t-group
_cSmith P B
260 _aLondon
_bLondon, HMSO
_c1970
300 _a29p
942 _cTB
_hX:8(T:3) L0
999 _c1278971
_d1278971